000
00271nam a2200097Ia 4500
008
180205s9999 xx 000 0 und d
100
_a
Tolentino, Reyes
245
_a
Philippine national dances /
260
_a
Quezon City
_b
Kayumanggi press
_c
1990
300
_a
iii, 368 pages
999
_c
354805
_d
354805